LEADER 01131nam a22002651i 4500 001 991002860709707536 005 20040621160258.0 008 040624s1980 uik|||||||||||||||||eng 035 $ab12988935-39ule_inst 035 $aARCHE-094661$9ExL 040 $aDip.to Beni Culturali$bita$cA.t.i. Arché s.c.r.l. Pandora Sicilia s.r.l. 082 04$a938.06 100 1 $aMilton, Marcus Peter$0487638 245 10$aAthenian politics from the victory of Salamis until the dispatch of aid to Inaros /$cby M.P. Milton 260 $aLondon :$bThe British Library document supply center,$c1980 300 $a1 v. ;$c25 cm 500 $aTesi discussa all'Università di Newcastle 500 $aIn cop.: British thesis. 651 4$aAtene$xPolitica$ySec. 5. a.C. 907 $a.b12988935$b02-04-14$c12-07-04 912 $a991002860709707536 945 $aLE001 SG VI 131$g1$i2001000039821$lle001$nC. 1$o-$pE0.00$q-$rl$s- $t0$u0$v0$w0$x0$y.i13593596$z12-07-04 996 $aAthenian politics from the victory of Salamis until the dispatch of aid to Inaros$9284869 997 $aUNISALENTO 998 $ale001$b12-07-04$cm$da $e-$feng$guik$h0$i1 LEADER 01931oam 2200517M 450 001 9910716177003321 005 20200213070908.4 035 $a(CKB)5470000002518343 035 $a(OCoLC)1065598669 035 $a(OCoLC)995470000002518343 035 $a(EXLCZ)995470000002518343 100 $a20071213d1926 ua 0 101 0 $aeng 135 $aurcn||||||||| 181 $ctxt$2rdacontent 182 $cc$2rdamedia 183 $acr$2rdacarrier 200 10$aBridge across the Susquehanna River, Pa. April 19 (calendar day, April 23), 1926. -- Ordered to be printed 210 1$a[Washington, D.C.] :$c[U.S. Government Printing Office],$d1926. 215 $a1 online resource (2 pages) 225 1 $aSenate report / 69th Congress, 1st session. Senate ;$vno. 652 225 1 $a[United States congressional serial set] ;$v[serial no. 8525] 300 $aA variant spelling of "Stannert, H.J." is found in this publication. 300 $aBatch processed record: Metadata reviewed, not verified. Some fields updated by batch processes. 300 $aFDLP item number not assigned. 517 $aBridge across the Susquehanna River, Pa. April 19 606 $aBridge construction industry 606 $aBridges$xDesign and construction 606 $aBridges 606 $aLegislative amendments 606 $aToll bridges 608 $aLegislative materials.$2lcgft 615 0$aBridge construction industry. 615 0$aBridges$xDesign and construction. 615 0$aBridges. 615 0$aLegislative amendments. 615 0$aToll bridges. 701 $aBingham$b Hiram$f1875-1956$pRepublican (CT)$0463205 801 0$bWYU 801 1$bWYU 801 2$bOCLCO 801 2$bOCLCQ 906 $aBOOK 912 $a9910716177003321 996 $aBridge across the Susquehanna River, Pa. April 19 (calendar day, April 23), 1926. -- Ordered to be printed$93439163 997 $aUNINA